Statistics for Fast typing 1 to 60 in colour scheme

Click here to take the quiz!

General Stats

  • This quiz has been taken 95 times
  • The average score is 52 of 60

Answer Stats

Answer% Correct
1
100%
2
100%
3
100%
4
100%
5
100%
6
100%
7
100%
8
100%
9
100%
10
96%
12
95%
11
93%
14
93%
15
93%
16
93%
13
92%
17
92%
20
92%
21
92%
23
92%
24
92%
25
92%
26
92%
27
92%
18
91%
19
91%
28
91%
22
89%
29
89%
30
89%
31
89%
32
89%
36
89%
37
89%
34
88%
35
88%
38
88%
39
88%
33
87%
40
86%
41
86%
42
86%
43
84%
45
84%
46
84%
47
84%
48
83%
44
80%
49
79%
50
76%
52
75%
54
72%
55
72%
51
71%
53
71%
56
67%
57
64%
59
64%
58
63%
60
63%

Score Distribution

Percentile by Number Answered

Percent of People with Each Score

Your Score History

You have not taken this quiz